000 00460nam a2200157Ia 4500
008 151021s9999 xx 000 0 und d
020 _a803601581
050 _aRT 49 .D64 1997
245 _a_Nursing care plans Guidelines for individualizing patient cre [4thed]
260 _aUS F.A Davis 1997
300 _axxvi,945p
500 _aIncludes index
650 _a_Nursing care Plans
700 _a_Mary Frances M
980 _a^d20110708 04:27:49^okorir
999 _c7673
_d7673